书目信息 |
| 题名: |
哈佛名人成才记录
|
|
| 作者: | 艾米莉 主编 | |
| 分册: | ||
| 出版信息: | 长春 吉林大学出版社 2010.04 |
|
| 页数: | 232页 | |
| 开本: | 24cm | |
| 丛书名: | ||
| 单 册: | ||
| 中图分类: | K811 | |
| 科图分类: | ||
| 主题词: | 名人--ming ren--生平事迹--世界 | |
| 电子资源: | ||
| ISBN: | 978-7-5601-5378-0 | |
| 000 | 00763nam0 2200229 450 | |
| 001 | 012010305011 | |
| 005 | 20101104135955.25 | |
| 010 | @a978-7-5601-5378-0@dCNY29.80 | |
| 100 | @a20101104d2010 em y0chiy0120 ea | |
| 101 | 0 | @achi |
| 102 | @aCN@b220000 | |
| 105 | @ay z 000yd | |
| 106 | @ar | |
| 200 | 1 | @a哈佛名人成才记录@Aha fo ming ren cheng cai ji lu@f艾米莉主编@Fai mi li zhu bian |
| 210 | @a长春@c吉林大学出版社@d2010.04 | |
| 215 | @a232页@d24cm | |
| 330 | @a本书主要讲述了从哈佛走出的8位政治名人,9位学术带头人,14位诺贝尔奖获得者,4位财富精英,以及10位从哈佛毕业的中国名人。 | |
| 606 | 0 | @a名人@Aming ren@x生平事迹@y世界 |
| 690 | @aK811@v4 | |
| 701 | 0 | @a艾米莉@Aai mi li@4主编 |
| 801 | 0 | @aCN@bQSSK@c20101104 |
| 905 | @b787267-69@dK811@eA363@f3 | |
| 哈佛名人成才记录/艾米莉主编.-长春:吉林大学出版社,2010.04 |
| 232页;24cm |
| ISBN 978-7-5601-5378-0:CNY29.80 |
| 本书主要讲述了从哈佛走出的8位政治名人,9位学术带头人,14位诺贝尔奖获得者,4位财富精英,以及10位从哈佛毕业的中国名人。 |
| ● |
| 相关链接 |
|
|
|
正题名:哈佛名人成才记录
索取号:K811/A363
 
预约/预借
| 序号 | 登录号 | 条形码 | 馆藏地/架位号 | 状态 | 备注 |
| 1 | 787267 | 207872676 | 社科库309/309社科库 42排1列4层/ [索取号:K811/A363] | 在馆 | |
| 2 | 787268 | 207872685 | 社科库309/309社科库 42排1列4层/ [索取号:K811/A363] | 在馆 | |
| 3 | 787269 | 207872694 | 社科库309/309社科库 42排1列4层/ [索取号:K811/A363] | 在馆 |